00915cam a22002535i 45000010009000000050017000090080041000260100017000670200025000840200022001090350018001310350020001490400023001690410008001920420008002000800008002081000007002161010008002232450305002315040051005369060045005879420012006329990017006441953232120180228073703.0170301s2016 enka b 001 0 eng  a 2017288130 a9780128038932 (pbk.) a0128038934 (pbk.) a(DLC)19532321 a(DLC)2017288130 aDLCbengcDLCerda aeng apcc a540 a11 akim00aExperimental organic chemistry :cJoaquín Isac-García (Universidad de Granada, Granada, Spain), José A. Dobado (Universidad de Granada, Granada, Spain), Francisco G. Calvo-Flores (Universidad de Granada, Granada, Spain), Henar Martínez-García (Universidad de Valladolid, Valladolid, Spain). aIncludes bibliographical references and index. a0bibccorigresd2encipf20gy-gencatlg 2ddccBK c43711d43711